MARC

LEADER 00000cam a2200000 7i4500
001 0000022716
005 20100604.0
008 100428 my a may
040 |a INS 
090 0 0 |a M256 
110 1 |a OJT - Pengurusan latihan ,   |d 2009 2 September   |c INSPEN, Bangi 
245 0 0 |a OJT - Pengurusan latihan :   |b 2 September 2009   |c Anjuran Pusat Pembangunan Profesional dan Eksekutif, INSPEN 
260 |a Bangi :   |b Institut Penilaian Negara ,   |c 2009 
300 |a 1v. ( Various paging ) :   |b ill. ;   |c 30 cm. 
650 0 |a Employees, Training of 
650 0 |a Occupational training 
710 1 |a INSPEN ( Institut Penilaian Negara ) 
856 |u http://app.inspen.gov.my:7779/pls/portal/docs/PAGE/CORPORATEPAGES/PORTAL_INSPEN/NOTA_KURSUS/MANAGEMENT/29.%20OJT%20PENGURUSAN%20LATIHAN%20.PDF 
999 |a M000000566   |b BOOK   |c Course Notes   |e Default branch 
999 |a M000000567   |b BOOK   |c Course Notes   |e Default branch 
999 |a M000000568   |b BOOK   |c Course Notes   |e Default branch